LEADER 01232nam a2200277 i 4500 001 000000123804 003 CaOOAMICUS 005 20220325155725.0 008 040429s1999 it u000 u ita u 020 $a88-422-0896-5 040 $aSeMil$bita 100 1 $aHonour, Hugh,$d<1927-2016>.$0(OLS)http://semarc/name/44991 245 13$aUn bozzetto del Canova :$ble Tre grazie /$cHugh Honour. 264 1$aTorino :$bAntichi Maestri Pittori,$cstampa 1999. 300 $a47 p. :$briccamente ill. ;$c31 cm. 500 $aEdito in occasione della Mostra "Un bozzetto del Canova. Le Tre grazie" - Torino, 2 ottobre - 11 dicembre 1999 541 0 $aFondo card. C.M. Martini (5M VII 64) 650 4$aCanova, Antonio <1757-1822> . Tre grazie.$0(OLS)http://semarc/subject/23733 850 $aSeMil 852 $aSeMil$W1$xVenegono$y1$m5M VII 64$j78450$B78450$CSeMilBibl$Z2$F82457 $81 941 1 $a4 961 $aOmaggio: Martini Card. Carlo Maria 996 $6020$a88-422-0896-5$9(OLS)http://semarc/number/109419 996 $6245$aUn bozzetto del Canova :$ble Tre grazie$9(OLS)http://semarc/title/182063 996 $6264$aTorino :$bAntichi Maestri Pittori$9(OLS)http://semarc/publisher/46160